Statistics for Pi Digits #07 601-700

Click here to take the quiz!

General Stats

  • This quiz has been taken 247 times
  • The average score is 14 of 20

Answer Stats

Digits% Correct
00056
100%
81271
91%
45263
88%
56082
88%
71342
84%
77857
84%
75778
81%
96091
78%
73637
72%
14684
63%
17872
63%
22495
63%
34301
63%
40901
63%
46549
56%
10507
47%
58537
47%
92279
47%
68925
44%
89235
44%

Score Distribution

Percentile by Number Answered

Percent of People with Each Score

Your Score History

You have not taken this quiz